00660nam a2200205Ia 450000500170000000800410001704000190005804100120007708200190008910000160010824500410012426000430016530000150020850400320022365000490025585000100030494200070031499900160032195201170033720230116135524.0131103s9999 xx 000 0 und d aLoreto College aEnglish a821.6bBLA-HIR aHirsch,E.D. aInnocence and experiencecE.D.Hirsch aNew HavenbYale University Pressc1964 axv,335 p.  aIncludes appendix and index aBlake,William - 1757 - 1827 - Poetry - Blake aLCLIB cBK c5746d56225 00102ddc4070aMAINbMAINd2013-11-04l6o821.6 BLA-HIR 16100pB5614r2018-01-19s2018-01-19w2013-11-04yBKf